| 000 | 01872nam0a2200397 4500 | ||
|---|---|---|---|
| 001 | RU\NLR\BIBL_A\016336980 | ||
| 005 | 20260405054458.0 | ||
| 010 | _a978-5-901495-22-3 | ||
| 010 |
_a978-5-87991-131-2 _91000 |
||
| 035 | _a(RuMoRGB)010114334 | ||
| 035 | _a(NLR Aleph) 016336980 | ||
| 090 |
_a13079201 _c13079201 |
||
| 100 | _a20230407d2017 |||y0rusy50 ca | ||
| 101 | 0 | _arus | |
| 102 | _aRU | ||
| 105 | _aagc z 001yy | ||
| 181 | 0 |
_ai _baxxe |
|
| 182 | 0 | _an | |
| 200 | 1 |
_aМузыка. Слово. Безмолвие _eсборник статей о Густаве Малере _fИнна Барсова _gобщая редакция: Олеся Бобрик |
|
| 203 |
_aТекст _bвизуальный _cнепосредственный |
||
| 210 |
_aСанкт-Петербург _cИзд-во имени Н. И. Новикова _cИздательский дом "Галина скрипсит" _d2017 |
||
| 215 |
_a507, [1] с., [4] л. цв. ил., портр. _cил., ноты, портр. _d23 |
||
| 225 | 1 |
_aОтечественные музыковеды _iИзбранное |
|
| 300 | _aНа обл. авт. не указан | ||
| 320 | _aБиблиогр. в подстроч. примеч. | ||
| 320 | _aСписок опубл. тр. И. А. Барсовой: с. 470-489 | ||
| 320 | _aУказ. имен: с. 490-508 | ||
| 600 | 1 |
_aМалер _bГ. _f1860 - 1911 _gГустав _91595537 _3RU\NLR\AUTH\66701718 |
|
| 686 | 1 | _aЩ313(4А)53-81Малер я44 | |
| 700 | 1 |
_aБарсова _bИ. А. _f1927- _gИнна Алексеевна |
|
| 702 | 1 |
_4570 _8rus _7ca _aМалер _bГ. _f1860-1911 _gГустав _3RU\NLR\AUTH\7718194 _91276 |
|
| 702 | 1 |
_4340 _7ca _8rus _aБобрик _bО. А. _gОлеся Анатольевна _9196680 _3RU\NLR\AUTH\770196731 |
|
| 942 | _cBOOK | ||
| 980 | _aNB | ||